00961 2200313 4500001002100000005001500021035002000036007000300056008004100059020002200100040002200122082001700144084001900161090002200180100002600202245012800228250002600356300002500382650002900407700003100436850001200467264003000479336002100509337003000530338002300560999002200583440002000605990002200625INLIS00000000088898720240718101731 a0010-0724000886ta240307s2024 yoia f ind d a978-979-21-7947-7 aYOPDYOGbinderda04223a220.9505 a220.9505 FRI b aCB-D.11 2024-20900 aFritz Mekoepengarang10aBerjalan bersama sang sabda :brefleksi tentang ziarah hidup yesus dan ajaran-Nya /cFritz Meko; penyunting, Yuhanes Kristi aCetakan Pertama, 2024 a177 halaman ;c19 cm 4aAlkitab--xCerita-cerita0 aYuhanes Kristiepenyunting aYOPDYOG31aSleman :bKanisius,c2024 2rdacontentateks 2rdamediaatanpa perantara 2rdacarrieravolume aCB-D.11/2024-2090 aCerita Al Kitab aCB-D.11/2024-2090